000 01183cam0a220027701 4500
001 qce00836319
005 20190815094544.0
008 730321s1962 nyu b 000 0 eng
010 _a 62051228
035 _a(Sirsi) r32001
035 _a(QCAT)lss00402533
035 _a(UPRA)qce00836319
040 _dUPRA
100 1 _aBerreman, Gerald Duane, 1930-
_dBerreman, Gerald Duane, 1930-
_6A96077.1
245 1 0 _aBehind many masks :
_b[ethnography and impression management in a Himalayan village.
260 _aIthaca, NY] :
_bSociety for Applied Anthropology,
_c1962.
490 1 _a[Society for Applied Anthropology] Monograph ;
_vno. 4
500 _aCover title.
500 _a"The research upon which this report is based ... is reported in full in the author's dissertation, Kin, caste and community in a Himalayan hill village, Cornell University, 1959."
504 _aBibliographical footnotes.
650 0 _aEthnology -- Methodology.
_xEthnology -- Methodology.
_6S38487.1
651 0 _aSirkanda, India.
_6S69345.1
830 0 _aMonograph (Society for Applied Anthropology) ;
_vno. 4.
_6S14524.1
949 _aGN2
_wlcc
_i-36679
_mMAIN
_tBOOK
_lON-SHELF
004 32001
999 _c59799
_d59799